Sports Quiz

Random Sports Quiz

Les meilleurs buteurs de l'US Orléans Quiz Stats

 Plays Quiz not verified by Sporcle

Challenge
Share
Tweet
Embed
Score 0/10 Timer 03:00
0 Plays Today
Saison Joueur % Correct
2017-2018 (L2)Yannick Gomis
89.8%
2016-2017 (L2)Romain Armand
60.2%
2012-2013 (National)Emiliano Sala
60.2%
2011-2012 (National)Kevin Lefaix
50.4%
2010-2011 (National)Kevin Lefaix
50.4%
2009-2010 (CFA)Kevin Lefaix
50.4%
2013-2014 (National)Wilfried Louisy-Daniel
37.1%
2014-2015 (L2)Robert Maah
31.8%
2015-2016 (National)Kevin Dupuis
28.8%
2008-2009 (CFA)Ladislas Douniama
25.8%

You're not logged in!

Compare scores with friends on all Sporcle quizzes.
OR
Log In

You Might Also Like...

Show Comments

Extras

Created Aug 15, 2018ReportNominate
Tags:les, miller, nombre, orlean, outer, saison, sur

Top Quizzes Today


Score Distribution

Your Account Isn't Verified!

In order to create a playlist on Sporcle, you need to verify the email address you used during registration. Go to your Sporcle Settings to finish the process.

Report this User

Report this user for behavior that violates our Community Guidelines.

Details: